Statistieken voor Antwerpse Gemeenten op de Kaart

Klik hier om de quiz te nemen!

Algemene statistieken

  • Deze quiz is 1.766 keer genomen
  • De gemiddelde score is 41 van 69

Antwoorden op de kaart

Antwoorden kleurgecodeerd door een groen-rode schaal op de quizkaart volgens % correct hieronder.
Laden...
 

Antwoordstatistieken

Gemeente% Correct
Antwerpen
99%
Mechelen
89%
Turnhout
88%
Geel
84%
Lier
81%
Mol
79%
Baarle-Hertog
77%
Herentals
74%
Brasschaat
71%
Hoogstraten
71%
Boom
69%
Kontich
69%
Essen
68%
Brecht
66%
Kalmthout
66%
Wijnegem
66%
Zwijndrecht
66%
Heist-op-den-Berg
65%
Schoten
65%
Puurs-Sint-Amands
64%
Mortsel
63%
Aartselaar
62%
Kapellen
62%
Oud-Turnhout
62%
Ranst
61%
Retie
61%
Duffel
59%
Schilde
59%
Westerlo
59%
Wommelgem
59%
Zoersel
59%
Bornem
58%
Kasterlee
58%
Olen
58%
Arendonk
57%
Balen
57%
Beerse
57%
Lille
57%
Nijlen
57%
Willebroek
57%
Wuustwezel
57%
Malle
56%
Stabroek
56%
Zandhoven
56%
Edegem
55%
Sint-Katelijne-Waver
55%
Vorselaar
55%
Boechout
54%
Niel
53%
Rumst
53%
Vosselaar
53%
Dessel
52%
Hemiksem
52%
Hove
52%
Lint
52%
Grobbendonk
51%
Borsbeek
50%
Putte
50%
Ravels
50%
Rijkevorsel
50%
Schelle
50%
Bonheiden
49%
Meerhout
48%
Herenthout
47%
Berlaar
46%
Merksplas
46%
Herselt
45%
Laakdal
45%
Hulshout
43%

Scoreverdeling

Percentiel versus Aantal Correcte Antwoorden

Procent van Mensen met Elke Score

Uw Scoregeschiedenis

U heeft deze quiz nog niet genomen